000 00611nam a2200193Ia 4500
005 20250508160107.0
008 008 250505s9999 xx 000 0 eng d
037 _aTextual
040 _aFEDL
_beng
_cFEDL
041 _aeng
_2eng
084 _a027.5753, LIB
_qFEDL
245 0 _aAnnual report of the librarian of congress for the fiscal year ending June 30,1961
245 0 _cLibrary of Congress
260 _aWashington, USA
_bU.S. Government Printing Office
_c1962
300 _axxii,153p.
650 _aLibrary Science
942 _cTEXL
_h027.5753, LIB
999 _c1361647
_d1361647